000 00407 a2200157 4500
020 _a0534982778
082 _a657.837
090 _c2447
_d2447
100 _aColtman,Michael M.
245 _aHospitality Management Accounting
_cMichael M.Coltman
250 _a4th edition
260 _aNew York
_bVan Nostrand Reinhold
_c1991
300 _a545p
500 _aPaper cover
942 _aNBS
_cBK
_k657.837 COL
999 _c344944
_d344944